Maintenance of tree-crop plantations using a portable motorized weeder (Record no. 45744)

MARC details
000 -LEADER
fixed length control field 00443nam a2200145Ia 4500
100 ## - MAIN ENTRY--AUTHOR NAME
Personal name Fawole LO
245 #0 - TITLE STATEMENT
Title Maintenance of tree-crop plantations using a portable motorized weeder
260 ## - PUBLICATION, DISTRIBUTION, ETC. (IMPRINT)
Name of publisher Agricultural Mechanization in Asia, Africa and Latin America
Year of publication 1986
300 ## - PHYSICAL DESCRIPTION
Number of Pages 63-66
650 ## - SUBJECT ADDED ENTRY--TOPICAL TERM
Topical Term Motorized weeder
650 ## - SUBJECT ADDED ENTRY--TOPICAL TERM
Topical Term Tree crop plantations
700 ## - ADDED ENTRY--PERSONAL NAME
Personal name Agboola AA
942 ## - ADDED ENTRY ELEMENTS (KOHA)
Koha item type Reprints
Holdings
Withdrawn status Lost status Damaged status Not for loan Home library Current library Date acquired Serial Enumeration / chronology Koha item type
      Reprints RRII Library RRII Library 22/12/2021 Volume 17, Issue 3 Reprints